00475nam a2200157 a 450000500170000000800410001702000180005805000200007610000210009624500800011726000370019730000220023444000250025665000170028165000190029820140412111233.0010522s19uu xx 00 eng d a0-00-195711-2 aERbBe35Bi 1987 aBerenstain, Stan aBerenstain Bears (The) / :cStan & Jan Berenstain.band the Big road race / aNew York :bRandom House,c1987. a1v. (unp.) ; ill. aA First Time Readers aRace-Stories aBears--Fiction